1887 1777 1214 1787 1270 1900 1254 1947 1579 1887 1059 1688 1660 1597 1497 1227 1842 1914 1049 1824 1344 1932 1650 1335 1089 1125 1651 1282 1327 1488 1630 1207 1720 1527 1822 1089 1074 1765 1900 1954 1322 1137 1893 1282 1298 1043 1486 1400 1372 1976 1278 1360 1086 1078 1226 1974 1110 1520 1530 1222 1574 1758 1517 1266 1085 1083 1306 1717 1569 1378 1827 1343 1462 1939 1666 1822 1426 1299 1736 1833 1807 1184 1359 1507 1696 1724 1236 1459 1930 1692 1559 1836 1091 1929 1701 1649 1676 1622 1735 BCNSPRNW ULIB Ver.6.0+V

เปลี่ยนเป็นภาษาไทย

Change to English
 แสดงรายละเอียดบรรณานุกรม
  กลับหน้าหลัก

Brief Record : Get Marc (ISO 2709) : E-mail record : QR code < ปิดหน้าต่าง
LEADER : 00000nam 2200000uu 4500
001    13399110202
003     ULIB
008    110425s2544||||th 000 0 tha d
020    9747598612
020    9789747598612
060 04 WL100^bพ543ก 2544
100 0  พัชรีวัลย์ เกตุแก่นจันทร์
245 10 การบริหารสมอง =^bBrain gym /^cพัชรีวัลย์ เกตุแก่นจันทร์
246 31 Brain gym
250    พิมพ์ครั้งที่ 1
260    กรุงเทพฯ :^bสถาบันพัฒนาคุณภาพวิชาการ,^c2544
300    56 หน้า :^bภาพประกอบ ;^c21 ซม.
650  7 ความคิด
650  7 ความจำ
650  7 ประสาท, ระบบ
650  7 ความเครียด
710 2  สถาบันพัฒนาคุณภาพวิชาการ (พว.)
945    ^p65^l0^i014650
945    ^p65^l0^i014648
945    ^p65^l0^i014649
995    ทศพร
999 ^a ใช้งานได้ทุกระบบ
รายการนี้ยังไม่มีแท็ก
คุณยังไม่ได้ล็อกอิน คุณสามารถมีกิจกรรมร่วมกับเว็บไซต์ได้ แต่ต้องล็อกอินก่อน ::
  ล็อกอิน

รายการสื่อสารสนเทศ

ลำดับที่ ประเภท เลขเรียก/บาร์โค้ด สถานที่ สถานะ
- ไม่พบข้อมูล -

รายการใกล้เคียง
    หัวเรื่อง [ความคิด]
    หัวเรื่อง [ความจำ]
    หัวเรื่อง [ประสาท, ระบบ]
    หัวเรื่อง [ความเครียด]

BibComment


ยังไม่เคยถูกคอมเมนท์

คอมเมนท์ทรัพยากรรายการนี้
  คอมเมนท์: การบริหารสมอง Br..


 Copyright 2026. Bcnsprnw @Library